10+ Croatia Caps Since 2000 - Statistics

General Stats
  • This quiz has been taken 120 times
  • The average score is 36 of 87
Answer Stats
Debut Last Most Apps For Pos Player Cps Gls % Correct
2011 Inter Milan LW Ivan Perišić 131 33
100%
2006 Real Madrid CM Luka Modrić 174 25
100%
2009 2022 Liverpool CB Dejan Lovren 77 5
96%
2007 2018 Juventus ST Mario Mandžukić 87 32
96%
1996 2008 Hertha Berlin DM Niko Kovač 77 14
96%
1999 2009 Bayer Leverkusen CB Robert Kovač 78
96%
2007 2019 Sevilla CM Ivan Rakitić 104 14
95%
2013 Chelsea CM Mateo Kovačić 101 4
95%
2010 Beşiktaş CB Domagoj Vida 105 4
89%
2014 Inter Milan DM Marcelo Brozović 96 7
89%
2002 2016 Shakhtar Donetsk RB Darijo Srna 132 22
84%
2014 Hoffenheim ST Andrej Kramarić 93 27
83%
2008 2018 Monaco GK Danijel Subašić 43
80%
2002 2015 Hamburg ST Ivica Olić 102 20
78%
2021 RB Leipzig CB Joško Gvardiol 31 2
78%
2013 2021 Milan LW Ante Rebić 41 3
76%
2017 Dinamo Zagreb GK Dominik Livaković 55
75%
2011 2022 Atlético Madrid RB Šime Vrsaljko 51
74%
1990 2002 Sevilla ST Davor Šuker 15 3
66%
2006 2018 Lokomotiv Moscow CB Vedran Ćorluka 101 4
65%
2014 Atalanta CM Mario Pašalić 63 10
64%
2018 Marseille CB Duje Ćaleta-Car 24 1
59%
2021 Bayern Munich RB Josip Stanišić 19
59%
2004 2014 Shakhtar Donetsk ST Eduardo da Silva 62 29
58%
1999 2014 Rostov GK Stipe Pletikosa 110
54%
2021 Stuttgart LB Borna Sosa 20 1
49%
2019 Dinamo Zagreb ST Bruno Petković 39 11
49%
2008 2018 Dnipro Dnipropetrovsk ST Nikola Kalinić 41 15
49%
2019 Dinamo Zagreb LW Mislav Oršić 27 2
48%
2001 2013 Hertha Berlin CB Josip Šimunić 103 3
46%
2014 Dinamo Zagreb LW Marko Pjaca 25 1
46%
2004 2013 Portsmouth LM Niko Kranjčar 79 13
46%
2020 Osasuna ST Ante Budimir 22 3
44%
2004 2015 Heerenveen LB Danijel Pranjić 56 1
44%
2010 2018 Dnipro Dnipropetrovsk LB Ivan Strinić 49
44%
1996 2008 Milan CB Dario Šimić 67 2
41%
2017 Hajduk Split RB Josip Juranović 37
41%
2018 Wolfsburg LW Josip Brekalo 35 4
39%
2001 2013 Grasshopper Zurich ST Mladen Petrić 44 13
39%
2014 2020 Bayer Leverkusen CB Tin Jedvaj 25 2
39%
2017 Dinamo Zagreb AM Lovro Majer 32 8
38%
2017 Hajduk Split AM Nikola Vlašić 56 8
35%
2003 2006 Monaco ST Dado Pršo 32 9
33%
2017 Rangers LB Borna Barišić 35 1
31%
1997 2006 Juventus CB Igor Tudor 41 3
31%
2004 2011 Werder Bremen ST Ivan Klasnić 41 12
31%
2010 2021 Dinamo Zagreb DM Milan Badelj 54 2
31%
1994 2002 Real Madrid AM Robert Prosinečki 15 2
30%
2018 2023 AEK Athens ST Marko Livaja 21 4
28%
1995 2003 Parma RM Mario Stanić 17 1
26%
2014 Cagliari CM Marko Rog 21
26%
2009 2014 Rapid Vienna ST Nikica Jelavić 36 6
26%
1993 2002 Lazio ST Alen Bokšić 11 3
25%
1999 2007 Bayer Leverkusen CB Boris Živković 38 2
24%
2022 Dinamo Zagreb CB Josip Šutalo 15
23%
2002 2008 Bayer Leverkusen LM Marko Babić 49 3
23%
1990 2002 Real Betis LM Robert Jarni 24
23%
1994 2002 Stuttgart DM Zvonimir Soldo 17 1
23%
2013 2018 Dinamo Zagreb LB Josip Pivarić 26
21%
2013 2019 Dinamo Zagreb AM Alen Halilović 10
20%
1999 2007 Werder Bremen RM Jurica Vranješ 23
20%
2007 2014 Dynamo Kyiv DM Ognjen Vukojević 53 4
20%
2000 2007 Club Brugge LW Boško Balaban 35 10
19%
2017 Dinamo Zagreb AM Luka Ivanušec 21 2
19%
1994 2007 Perugia LW Milan Rapaić 38 5
19%
1992 2002 Panathinaikos ST Goran Vlaović 11 2
18%
2009 2016 Anorthosis Famagusta CB Gordon Schildenfeld 29 1
18%
1990 2002 Derby County CB Igor Štimac 10
18%
1999 2006 Lokeren AM Ivan Leko 10
16%
2002 2009 Dynamo Kyiv DM Jerko Leko 59 1
16%
2006 2011 Standard Liège GK Vedran Runje 21
15%
1998 2006 Galatasaray CB Stjepan Tomas 44
14%
2001 2006 Dinamo Zagreb GK Tomislav Butina 28
14%
2002 2004 Maccabi Haifa RM Đovani Roso 19 1
13%
2014 2018 Dinamo Zagreb ST Duje Čop 14 2
13%
1997 2002 Panathinaikos RB Daniel Šarić 17
11%
1996 2006 Trabzonzspor ST Davor Vugrinec 22 4
11%
1998 2006 Karabükspor LB Anthony Šerić 10
10%
2014 2018 Rijeka CB Matej Mitrović 12 2
10%
1998 2006 Grazer AK CB Mario Tokić 24
9%
2008 2010 Dinamo Zagreb DM Nikola Pokrivač 14
9%
2009 2012 Amkar Perm DM Tomislav Dujmović 18
9%
2006 2009 Livorno CB Dario Knežević 13 1
8%
2000 2006 Genk ST Ivan Bošnjak 14 1
6%
1999 2004 Dinamo Zagreb CM Jasmin Agić 11
6%
1994 2004 Anderlecht ST Ivica Mornar 16 1
5%
2001 2006 Suwon Bluewings CB Mato Neretljak 10 1
4%
No matching quizzes found
Score Distribution
Percent of People with Each Score
Percentile by Number Answered
Your Score History
You have not taken this quiz